| 000 | 00664nam a2200241Ia 4500 | ||
|---|---|---|---|
| 005 | 20260430150322.0 | ||
| 008 | 008 250103s9999 xx 000 0 eng d | ||
| 037 | _aTheses | ||
| 040 | _aCRL | ||
| 040 | _beng | ||
| 040 | _ceng | ||
| 041 | _2eng | ||
| 041 | _aeng | ||
| 084 | _qCRL | ||
| 100 |
_aDas Jaydeb Au.; Choudhury Debajyoti Gu.; Das Diganta Gu. _91237132 |
||
| 245 | 0 | _aRare Semileptonic Decays of the Ab in the Standard Model and Beyond | |
| 260 | _c2023 | ||
| 300 | _a165 | ||
| 650 | _aScience | ||
| 700 |
_aUniversity of Delhi. Fuculty of Science. Deptt. of Physics & Astrophysics _91237133 |
||
| 942 | _cTH | ||
| 999 |
_c1849499 _d1849499 |
||